Pays ayant gagné l'Euro de football – Mort subite - Statistiques

Statistiques générales
  • Ce quiz a été pris 497 fois
  • Le résultat moyen est 5 sur 10
Answers on the Grid
Answers color-coded by a green-red scale on the quiz's grid according to % correct below.
URSS
France
Espagne
Italie
Allemagne
Grèce
Tchécoslovaquie
Danemark
Pays-Bas
Portugal
Pologne
Écosse
Irlande
Pays de Galles
Belgique
Angleterre
Bulgarie
Hongrie
Turquie
Serbie
Croatie
Yougoslavie
Suède
République tchèque
Russie
 
Statistiques - réponses
Réponse % Correct
France
79%
Espagne
71%
Italie
68%
Portugal
66%
Allemagne
63%
Grèce
52%
Pays-Bas
49%
Danemark
36%
URSS
35%
Tchécoslovaquie
24%
Aucun quiz correspondant
Distribution des résultats
% des personnes avec chaque résultat
Percentile par nombre de réponses
Votre historique - résultats
Vous n’avez pas pris ce quiz